[Event "Titled Tuesday intern op 26th Mar Late"]
[Site "Chess.com INT"]
[Date "2024.03.26"]
[Round "7"]
[White "Mikhalchenko, Petr"]
[Black "Kandil, Adham"]
[Result "0-1"]
[WhiteElo "2322"]
[BlackElo "2294"]
[PlyCount "66"]
[EventDate "2024.03.26"]
[EventType "swiss (blitz)"]
[EventRounds "11"]
[EventCountry "USA"]
[SourceTitle "EXT 2025"]
[Source "ChessBase"]
[SourceDate "2024.10.14"]
[SourceVersion "1"]
[SourceVersionDate "2024.10.14"]
[SourceQuality "1"]

1. Nh3 d5 2. d4 g6 3. Nf4 Bg7 4. h4 h5 5. e3 Nf6 6. c4 0-0 7. Nc3 c5 8. cxd5 cxd4 9. Qxd4 Bf5 10. Qb4 a5 11. Qa3 Nbd7 12. Bb5 Nb6 13. Qb3 a4 14. Qd1 Ne4 15. Nxe4 Bxe4 16. Bd3 Bxd5 17. Nxd5 Qxd5 18. e4 Qd6 19. Qe2 Rfd8 20. Rh3 a3 21. Kf1 Nc4 22. Bxc4 Qd1+ 23. Qxd1 Rxd1+ 24. Ke2 Rg1 25. Rb3 axb2 26. Bxb2 Rxa1 27. Bxa1 Rxa2+ 28. Kf3 Rxa1 29. Rxb7 Ra3+ 30. Ke2 Bf6 31. f4 Ra4 32. Bd5 e6 33. Bc6 Ra2+ 0-1

[Event "Titled Tuesday intern op 26th Mar Late"]
[Site "Chess.com INT"]
[Date "2024.03.26"]
[Round "8"]
[White "Tang, Zoey"]
[Black "Mikhalchenko, Petr"]
[Result "0-1"]
[WhiteElo "2253"]
[BlackElo "2322"]
[PlyCount "58"]
[EventDate "2024.03.26"]
[EventType "swiss (blitz)"]
[EventRounds "11"]
[EventCountry "USA"]
[SourceTitle "EXT 2025"]
[Source "ChessBase"]
[SourceDate "2024.10.14"]
[SourceVersion "1"]
[SourceVersionDate "2024.10.14"]
[SourceQuality "1"]

1. e4 Nh6 2. d4 d5 3. e5 Nf5 4. Nh3 h5 5. Bd3 g6 6. Nd2 a6 7. Nf3 c5 8. c3 cxd4 9. cxd4 Nc6 10. Nf4 e6 11. h4 Qb6 12. Bxf5 gxf5 13. 0-0 Be7 14. Be3 Bd7 15. Ng5 Bxg5 16. hxg5 h4 17. g6 fxg6 18. Nxg6 Rg8 19. Nxh4 0-0-0 20. a4 Rg4 21. Nf3 Rdg8 22. Ne1 f4 23. Bd2 Qxb2 24. Rb1 Qxd4 25. Qe2 f3 26. Nxf3 Rxg2+ 27. Kh1 Qg4 28. Ng5 Qxe2 29. Kxg2 Qxd2 0-1

[Event "Titled Tuesday intern op 26th Mar Late"]
[Site "Chess.com INT"]
[Date "2024.03.26"]
[Round "3"]
[White "Yeletsky, Ivan"]
[Black "Mikhalchenko, Petr"]
[Result "1-0"]
[WhiteElo "2504"]
[BlackElo "2322"]
[PlyCount "61"]
[EventDate "2024.03.26"]
[EventType "swiss (blitz)"]
[EventRounds "11"]
[EventCountry "USA"]
[SourceTitle "EXT 2025"]
[Source "ChessBase"]
[SourceDate "2024.10.14"]
[SourceVersion "1"]
[SourceVersionDate "2024.10.14"]
[SourceQuality "1"]

1. Nf3 d5 2. g3 Bf5 3. c4 dxc4 4. Na3 Qd5 5. Qa4+ c6 6. Qxc4 e6 7. Qb3 Qxb3 8. axb3 Nd7 9. d3 Nc5 10. Nd4 Bg6 11. b4 Nd7 12. b5 c5 13. Nb3 Ngf6 14. Bg2 Nd5 15. Nc4 Be7 16. h4 h5 17. Nba5 0-0-0 18. Bf4 N7b6 19. 0-0 Nxf4 20. Bxb7+ Kc7 21. gxf4 Nxc4 22. dxc4 Bxh4 23. Bf3 Rd4 24. Nb3 Rxc4 25. Rxa7+ Kd6 26. Rd1+ Rd4 27. Ra6+ Ke7 28. Nxd4 cxd4 29. Rxd4 Rb8 30. b6 Bf6 31. Rb4 1-0

[Event "Titled Tuesday intern op 19th Mar Late"]
[Site "Chess.com INT"]
[Date "2024.03.19"]
[Round "5"]
[White "Gholami Orimi, Mahdi"]
[Black "Mikhalchenko, Petr"]
[Result "1-0"]
[WhiteElo "2470"]
[BlackElo "2322"]
[PlyCount "95"]
[EventDate "2024.03.19"]
[EventType "swiss (blitz)"]
[EventRounds "11"]
[EventCountry "USA"]
[SourceTitle "EXT 2025"]
[Source "ChessBase"]
[SourceDate "2024.10.14"]
[SourceVersion "1"]
[SourceVersionDate "2024.10.14"]
[SourceQuality "1"]

1. d4 Nf6 2. c4 e6 3. Nf3 Bb4+ 4. Bd2 Qe7 5. g3 Nc6 6. Bg2 Bxd2+ 7. Qxd2 Ne4 8. Qc1 Qb4+ 9. Nc3 Nxc3 10. Qxc3 Qxc3+ 11. bxc3 d6 12. Nd2 Na5 13. Rb1 Rb8 14. Rb4 c5 15. Rb2 b6 16. Be4 Ke7 17. 0-0 Ba6 18. Bd3 Rbc8 19. d5 e5 20. f4 f6 21. e4 g5 22. fxg5 fxg5 23. Rf5 h6 24. Rb1 Rcf8 25. Rbf1 Bc8 26. Rxf8 Rxf8 27. Rxf8 Kxf8 28. Kf2 Ba6 29. Ke3 Ke7 30. Be2 Kf6 31. Kd3 Kg6 32. Bg4 Kf6 33. Bd7 Ke7 34. Bb5 Bc8 35. Nf1 Bh3 36. Ne3 Nb7 37. g4 Kf6 38. Be8 Na5 39. Bh5 Nb7 40. Ke2 Na5 41. Kf2 Nb7 42. Kg3 Bxg4 43. Bxg4 Kg6 44. Bc8 Na5 45. Ba6 h5 46. Nf5 h4+ 47. Kg4 Kf6 48. Nxd6 1-0

[Event "Titled Tuesday intern op 19th Mar Early"]
[Site "Chess.com INT"]
[Date "2024.03.19"]
[Round "5"]
[White "Mikhalchenko, Petr"]
[Black "Kochiev, Ivan"]
[Result "1-0"]
[WhiteElo "2322"]
[BlackElo "2064"]
[PlyCount "61"]
[EventDate "2024.03.19"]
[EventType "swiss (blitz)"]
[EventRounds "11"]
[EventCountry "USA"]
[SourceTitle "EXT 2025"]
[Source "ChessBase"]
[SourceDate "2024.10.14"]
[SourceVersion "1"]
[SourceVersionDate "2024.10.14"]
[SourceQuality "1"]

1. c4 Nf6 2. e3 e6 3. Nc3 b6 4. d4 Bb7 5. Nf3 d5 6. cxd5 exd5 7. Be2 a6 8. a3 Bd6 9. b4 0-0 10. Bb2 Nc6 11. Rc1 Ne7 12. Ne5 Bxe5 13. dxe5 Nd7 14. Na4 Re8 15. 0-0 a5 16. b5 Rc8 17. Bd3 f6 18. Bxh7+ Kxh7 19. Qh5+ Kg8 20. e6 Nf8 21. Qf7+ Kh8 22. Rfd1 Ng8 23. Rd4 Nh6 24. Rh4 Qe7 25. Rxh6+ gxh6 26. Bxf6+ Qxf6 27. Qxf6+ Kg8 28. Qf7+ Kh8 29. e7 Nh7 30. Nxb6 cxb6 31. Rxc8 1-0

[Event "Titled Tuesday intern op 27th Feb Early"]
[Site "Chess.com INT"]
[Date "2024.02.27"]
[Round "1"]
[White "Mikhalchenko, Petr"]
[Black "Bregu, Riza"]
[Result "0-1"]
[WhiteElo "2322"]
[BlackElo "2105"]
[PlyCount "56"]
[EventDate "2024.02.27"]
[EventType "swiss (blitz)"]
[EventRounds "11"]
[EventCountry "USA"]
[SourceTitle "EXT 2025"]
[Source "ChessBase"]
[SourceDate "2024.10.14"]
[SourceVersion "1"]
[SourceVersionDate "2024.10.14"]
[SourceQuality "1"]

1. e4 Nf6 2. e5 Nd5 3. Nc3 Nxc3 4. dxc3 d6 5. Bf4 g6 6. h3 Bg7 7. Nf3 Nc6 8. Bb5 0-0 9. Qe2 dxe5 10. Nxe5 Qd5 11. Nxc6 bxc6 12. Bc4 Qxg2 13. 0-0-0 Bf5 14. Rde1 e5 15. Rh2 Qe4 16. Qxe4 Bxe4 17. Rxe4 exf4 18. Re7 Rae8 19. Bxf7+ Rxf7 20. Rxe8+ Bf8 21. f3 Kg7 22. Rd2 Bc5 23. Kd1 Be3 24. Rdd8 h5 25. Ke2 Kh6 26. c4 Kg5 27. Rg8 Rf6 28. Rd1 Re6 0-1

[Event "Titled Tuesday intern op 27th Feb Late"]
[Site "Chess.com INT"]
[Date "2024.02.27"]
[Round "7"]
[White "Mikhalchenko, Petr"]
[Black "Novak, Ratko"]
[Result "1-0"]
[WhiteElo "2322"]
[BlackElo "2037"]
[PlyCount "105"]
[EventDate "2024.02.27"]
[EventType "swiss (blitz)"]
[EventRounds "11"]
[EventCountry "USA"]
[SourceTitle "CBM 219 Extra"]
[Source "ChessBase"]
[SourceDate "2024.05.31"]
[SourceVersion "1"]
[SourceVersionDate "2024.05.31"]
[SourceQuality "1"]

1. d4 d5 2. Nh3 c5 3. Nf4 cxd4 4. Qxd4 Nc6 5. Qxd5 Bd7 6. c3 Nf6 7. Qd1 e5 8. Nd3 Qc7 9. g3 0-0-0 10. Bg2 e4 11. Bf4 Qb6 12. Be3 Qc7 13. Nf4 g5 14. Nd5 Nxd5 15. Qxd5 f5 16. Bxg5 Be7 17. Bf4 Qb6 18. Qb3 Qc5 19. Nd2 Ne5 20. Qb4 Qd5 21. Qxe7 Rhe8 22. Qb4 Bc6 23. 0-0-0 Qxa2 24. Qa3 Qe6 25. Bxe5 Qxe5 26. e3 Kb8 27. Nb3 Bb5 28. Rd4 Bd3 29. Rd1 Rc8 30. R4xd3 exd3 31. Rxd3 h5 32. Qd6+ Qxd6 33. Rxd6 Rcd8 34. Rxd8+ Rxd8 35. Nd4 Rf8 36. h4 Kc7 37. b4 Kd6 38. Kc2 a6 39. Kd3 b5 40. Bf3 Ke5 41. Bxh5 Rc8 42. Bg6 f4 43. gxf4+ Kf6 44. h5 Ra8 45. e4 a5 46. e5+ Kg7 47. bxa5 b4 48. cxb4 Rc8 49. f5 Rc1 50. f6+ Kf8 51. Ne6+ Kg8 52. f7+ Kh8 53. f8Q# 1-0

[Event "Titled Tuesday intern op 27th Feb Early"]
[Site "Chess.com INT"]
[Date "2024.02.27"]
[Round "7"]
[White "Mikhalchenko, Petr"]
[Black "Perez Ponsa, Federico"]
[Result "0-1"]
[WhiteElo "2322"]
[BlackElo "2538"]
[PlyCount "60"]
[EventDate "2024.02.27"]
[EventType "swiss (blitz)"]
[EventRounds "11"]
[EventCountry "USA"]
[SourceTitle "EXT 2025"]
[Source "ChessBase"]
[SourceDate "2024.10.14"]
[SourceVersion "1"]
[SourceVersionDate "2024.10.14"]
[SourceQuality "1"]

1. d4 Nf6 2. Bf4 d5 3. e3 c5 4. Nf3 e6 5. c3 Bd6 6. Bg3 0-0 7. Nbd2 Qc7 8. dxc5 Qxc5 9. Bd3 Nbd7 10. Qe2 e5 11. e4 dxe4 12. Nxe4 Nxe4 13. Bxe4 Nf6 14. Bc2 e4 15. Nd4 Re8 16. 0-0-0 Bg4 17. Qd2 Bxg3 18. hxg3 Bxd1 19. Rxd1 e3 20. fxe3 Qg5 21. Nf5 g6 22. Nd6 Re7 23. Nc4 Qxg3 24. Qd4 Qg5 25. Kb1 Rd7 26. Qe5 Rxd1+ 27. Bxd1 Qxe5 28. Nxe5 Re8 29. Nc4 b5 30. Nd6 Rd8 0-1

[Event "Titled Tuesday intern op 27th Feb Early"]
[Site "Chess.com INT"]
[Date "2024.02.27"]
[Round "8"]
[White "Sharshenbekov, Emir"]
[Black "Mikhalchenko, Petr"]
[Result "1-0"]
[WhiteElo "1881"]
[BlackElo "2322"]
[PlyCount "73"]
[EventDate "2024.02.27"]
[EventType "swiss (blitz)"]
[EventRounds "11"]
[EventCountry "USA"]
[SourceTitle "EXT 2025"]
[Source "ChessBase"]
[SourceDate "2024.10.14"]
[SourceVersion "1"]
[SourceVersionDate "2024.10.14"]
[SourceQuality "1"]

1. g3 d5 2. Bg2 Nc6 3. f4 Nf6 4. Nf3 h6 5. 0-0 Bf5 6. d3 e6 7. Nc3 Bc5+ 8. Kh1 Ng4 9. d4 Bb4 10. Ne5 h5 11. h3 Nf6 12. Kh2 Bd6 13. Kh1 Nb4 14. a3 Nxc2 15. Ra2 c5 16. dxc5 Bxc5 17. e4 Nxe4 18. Nxe4 dxe4 19. Qxc2 Rc8 20. Qa4+ Kf8 21. Rd1 Qc7 22. b4 Bd6 23. Nd7+ Kg8 24. Rad2 Be7 25. Bb2 f6 26. Nc5 Bxc5 27. bxc5 Qxc5 28. Qd4 Qf8 29. Bxe4 Bxh3 30. Bxb7 Rb8 31. Qd8 Rxd8 32. Rxd8 Kf7 33. R1d7+ Qe7 34. Rxe7+ Kxe7 35. Rxh8 Kd6 36. Rxh5 Bg4 37. Ra5 1-0

[Event "Krasnoyarsk Regional-ch"]
[Site "Krasnoyarsk"]
[Date "2017.10.07"]
[Round "8"]
[White "Mikhalchenko, Petr"]
[Black "Komov, Roman"]
[Result "1-0"]
[WhiteElo "2349"]
[BlackElo "2168"]
[PlyCount "111"]
[EventDate "2017.09.30"]
[EventType "swiss"]
[EventRounds "9"]
[EventCountry "RUS"]
[SourceTitle "CBM 181 Extra"]
[Source "ChessBase"]
[SourceDate "2017.12.12"]
[SourceVersion "1"]
[SourceVersionDate "2017.12.12"]
[SourceQuality "1"]

1. d4 Nf6 2. Bf4 e6 3. Nd2 c5 4. e3 Nc6 5. c3 Be7 6. Nc4 d5 7. Ne5 Nxe5 8. dxe5 Nd7 9. Bd3 0-0 10. Qh5 g6 11. Qh6 Re8 12. Nf3 Bf8 13. Qh3 Bg7 14. Qg3 Nf8 15. h4 h5 16. Qh3 f5 17. 0-0 Bd7 18. a4 a6 19. b4 Qc7 20. Rfc1 Rec8 21. bxc5 Qxc5 22. Nd4 Qa5 23. Ne2 Qc7 24. Qh2 b5 25. a5 Be8 26. Nd4 Bf7 27. f3 Nd7 28. g4 Bxe5 29. gxh5 Bxf4 30. exf4 gxh5 31. Rc2 Kh8 32. Kh1 Nc5 33. Bf1 Rg8 34. Qd2 Rg3 35. Qe3 Rag8 36. Ne2 R3g7 37. Bh3 Qe7 38. Ng1 Nb3 39. Re1 Qxh4 40. Rh2 Qf6 41. Bg2 Nxa5 42. Nh3 Nc4 43. Qc1 e5 44. fxe5 Nxe5 45. Nf4 Rxg2 46. Rxg2 Nxf3 47. Rxg8+ Bxg8 48. Re8 Qh4+ 49. Kg2 Qg4+ 50. Kf2 Ng5 51. Qe3 Ne4+ 52. Ke1 Qh4+ 53. Kd1 Qh1+ 54. Kc2 Qh2+ 55. Kc1 Qg3 56. Rxe4 1-0

[Event "Krasnoyarsk Regional-ch"]
[Site "Krasnoyarsk"]
[Date "2017.10.06"]
[Round "7"]
[White "Mikhalchenko, Petr"]
[Black "Belmeskin, Ilia"]
[Result "1-0"]
[WhiteElo "2349"]
[BlackElo "2242"]
[PlyCount "81"]
[EventDate "2017.09.30"]
[EventType "swiss"]
[EventRounds "9"]
[EventCountry "RUS"]
[SourceTitle "CBM 181 Extra"]
[Source "ChessBase"]
[SourceDate "2017.12.12"]
[SourceVersion "1"]
[SourceVersionDate "2017.12.12"]
[SourceQuality "1"]

1. d4 d5 2. Bf4 c6 3. Nd2 Qb6 4. Nb3 Bf5 5. e3 Nf6 6. Bd3 Bxd3 7. cxd3 e6 8. Ne2 Nbd7 9. Nc3 c5 10. dxc5 Nxc5 11. Nxc5 Bxc5 12. 0-0 Qa6 13. Qa4+ Qxa4 14. Nxa4 Be7 15. Rfc1 Bd8 16. Nc5 b6 17. Na6 0-0 18. Rc6 Nd7 19. Bd6 Re8 20. Rac1 f6 21. Kf1 Ne5 22. Rc8 Rxc8 23. Rxc8 Kf7 24. Bxe5 fxe5 25. Ra8 Be7 26. Rxa7 Kf6 27. Rb7 Rc8 28. Rxb6 Rc1+ 29. Ke2 Rc2+ 30. Kf3 e4+ 31. dxe4 dxe4+ 32. Kg3 Bd8 33. Rb3 Be7 34. f4 Bd6 35. Rb6 Ke7 36. Nb4 Re2 37. Nc6+ Kd7 38. Ne5+ Bxe5 39. fxe5 Rxe3+ 40. Kf2 Rd3 41. Rd6+ 1-0

[Event "Krasnoyarsk Regional-ch"]
[Site "Krasnoyarsk"]
[Date "2017.10.05"]
[Round "6"]
[White "Petrukhina, Olga"]
[Black "Mikhalchenko, Petr"]
[Result "1/2-1/2"]
[WhiteElo "2106"]
[BlackElo "2349"]
[PlyCount "88"]
[EventDate "2017.09.30"]
[EventType "swiss"]
[EventRounds "9"]
[EventCountry "RUS"]
[SourceTitle "CBM 181 Extra"]
[Source "ChessBase"]
[SourceDate "2017.12.12"]
[SourceVersion "1"]
[SourceVersionDate "2017.12.12"]
[SourceQuality "1"]

1. Nf3 Nf6 2. c4 Nc6 3. d4 e6 4. g3 d5 5. Bg2 dxc4 6. Qa4 Bd6 7. Nbd2 Bd7 8. Qxc4 0-0 9. 0-0 Re8 10. Nb3 Qe7 11. Nc5 b5 12. Qc2 Nb4 13. Qb3 Bxc5 14. dxc5 Na6 15. Ne5 Nxc5 16. Qc2 Nd5 17. Nxd7 Nxd7 18. Bxd5 exd5 19. Qxc7 Nb6 20. Qxe7 Rxe7 21. e3 f6 22. Bd2 Rc8 23. Rac1 Rec7 24. Rxc7 Rxc7 25. Rc1 Rxc1+ 26. Bxc1 Nc4 27. Kf1 Kf7 28. Ke2 Ke6 29. b3 Ne5 30. Ba3 Kf5 31. f3 h5 32. h3 Ke6 33. Bc5 a6 34. Bf8 g6 35. g4 h4 36. Bc5 Nf7 37. f4 Nd8 38. Kd3 Nc6 39. e4 dxe4+ 40. Kxe4 f5+ 41. gxf5+ gxf5+ 42. Kd3 Kd5 43. Bf8 a5 44. Ke3 Nb4 1/2-1/2

[Event "Krasnoyarsk Regional-ch"]
[Site "Krasnoyarsk"]
[Date "2017.10.03"]
[Round "4"]
[White "Bychkov, Vladimir"]
[Black "Mikhalchenko, Petr"]
[Result "1-0"]
[WhiteElo "2263"]
[BlackElo "2349"]
[PlyCount "103"]
[EventDate "2017.09.30"]
[EventType "swiss"]
[EventRounds "9"]
[EventCountry "RUS"]
[SourceTitle "CBM 181 Extra"]
[Source "ChessBase"]
[SourceDate "2017.12.12"]
[SourceVersion "1"]
[SourceVersionDate "2017.12.12"]
[SourceQuality "1"]

1. Nf3 Nf6 2. b3 d5 3. Bb2 Bf5 4. c4 e6 5. g3 h6 6. Bg2 Be7 7. 0-0 0-0 8. Nc3 c6 9. Rc1 a5 10. d3 Nbd7 11. a3 Bh7 12. Re1 Nc5 13. d4 Nce4 14. Ne5 c5 15. cxd5 Nxc3 16. Bxc3 exd5 17. Bb2 Qb6 18. dxc5 Bxc5 19. e3 Qd6 20. Ng4 Ne4 21. f3 Ng5 22. Be5 Qb6 23. Qxd5 Bxa3 24. Rc7 Qe6 25. Rd1 Rac8 26. Rxc8 Rxc8 27. Qxa5 Qxb3 28. Rd8+ Rxd8 29. Qxd8+ Bf8 30. h4 Ne6 31. Qd2 Bc5 32. Kf2 Bd3 33. Bc3 Bb5 34. f4 Qb1 35. Ne5 Ba3 36. Qe1 Qf5 37. e4 Bc5+ 38. Kf3 Qf6 39. Qd2 Qe7 40. Bh3 Bd6 41. Qd5 Nc5 42. Nxf7 Qxf7 43. Qxd6 Qh5+ 44. g4 Qxh4 45. Bg2 Nxe4 46. Kxe4 Qf2 47. Qd5+ Kh8 48. Kf5 Qc2+ 49. Be4 Qxc3 50. Qd8+ Kh7 51. Ke6+ g6 52. Bxg6+ 1-0

[Event "Krasnoyarsk-ch"]
[Site "Krasnoyarsk"]
[Date "2017.02.08"]
[Round "8"]
[White "Lapin, Petr"]
[Black "Mikhalchenko, Petr"]
[Result "0-1"]
[WhiteElo "2235"]
[BlackElo "2320"]
[PlyCount "64"]
[EventDate "2017.02.01"]
[EventType "swiss"]
[EventRounds "9"]
[EventCountry "RUS"]
[SourceTitle "CBM 176 Extra"]
[Source "ChessBase"]
[SourceDate "2017.03.02"]
[SourceVersion "1"]
[SourceVersionDate "2017.03.02"]
[SourceQuality "1"]

1. e4 e5 2. Nf3 Nc6 3. d4 exd4 4. Nxd4 Bc5 5. Nb3 Bb6 6. Nc3 Nge7 7. Qe2 0-0 8. Be3 Na5 9. Qd2 Bxe3 10. Qxe3 Nxb3 11. axb3 d5 12. 0-0-0 c6 13. Kb1 Be6 14. f4 Qb6 15. Qxb6 axb6 16. f5 Bc8 17. g4 dxe4 18. Nxe4 g6 19. fxg6 hxg6 20. Be2 Kg7 21. h4 Ra5 22. Nd2 Nd5 23. Nc4 Ra7 24. g5 b5 25. Nd6 Be6 26. h5 Ne3 27. Rde1 Rfa8 28. Kc1 Rd8 29. Bd3 Rxd6 30. Kd2 Nf5 31. hxg6 fxg6 32. Rh3 Nd4 0-1

[Event "Krasnoyarsk-ch"]
[Site "Krasnoyarsk"]
[Date "2017.02.05"]
[Round "5"]
[White "Mikhalchenko, Petr"]
[Black "Belmeskin, Ilia"]
[Result "1-0"]
[WhiteElo "2320"]
[BlackElo "2276"]
[PlyCount "143"]
[EventDate "2017.02.01"]
[EventType "swiss"]
[EventRounds "9"]
[EventCountry "RUS"]
[SourceTitle "CBM 176 Extra"]
[Source "ChessBase"]
[SourceDate "2017.03.02"]
[SourceVersion "1"]
[SourceVersionDate "2017.03.02"]
[SourceQuality "1"]

1. c4 c6 2. e3 d5 3. Nc3 Nf6 4. Nf3 e6 5. d4 Be7 6. Bd2 0-0 7. Qc2 Nbd7 8. g4 Nxg4 9. Rg1 f5 10. h3 Ngf6 11. Ng5 Nb8 12. f4 Ne4 13. Ngxe4 fxe4 14. 0-0-0 Nd7 15. Be2 Nf6 16. Rg5 Ne8 17. Rg2 Nd6 18. Rdg1 Bf6 19. h4 Nf5 20. h5 Kh8 21. c5 b6 22. Na4 Bd7 23. Bg4 Rf7 24. b3 Be8 25. Rh2 Rb7 26. Rh3 Be7 27. Be1 Rc8 28. Qg2 Bf6 29. h6 g6 30. Bxf5 exf5 31. Rgh1 Bd7 32. Bh4 Bxh4 33. Rxh4 b5 34. Nb2 b4 35. Nd1 a5 36. Nb2 Ra7 37. R1h2 Rb8 38. Qg5 Qf8 39. Na4 Bc8 40. Rb2 Ba6 41. Kd2 Kg8 42. Ke1 Kf7 43. Kf2 Bb5 44. Nb6 Rbb7 45. Rh1 Ra6 46. Rc1 Ke6 47. Kg3 Rba7 48. Ra1 Rb7 49. a3 bxa3 50. Rg2 Rc7 51. Rxa3 Rca7 52. Qh4 Qg8 53. Raa2 Qf8 54. Kh3 Qf6 55. Nc8 Ra8 56. Nd6 R6a7 57. Qg5 Qe7 58. Kg3 Qf6 59. Kf2 Qf8 60. Kg3 Qb8 61. Rgb2 Bd3 62. Ra4 Bb5 63. Ra1 Bc4 64. Ne8 Qxe8 65. bxc4 dxc4 66. d5+ Kf7 67. Rb6 cxd5 68. Qf6+ Kg8 69. Rxa5 Qf8 70. Qe6+ Rf7 71. Rxa8 Qxa8 72. Qe5 1-0

[Event "Krasnoyarsk Region-ch"]
[Site "Krasnoyarsk"]
[Date "2016.10.07"]
[Round "9"]
[White "Mikhalchenko, Petr"]
[Black "Bychkov, Vladimir"]
[Result "1-0"]
[WhiteElo "2331"]
[BlackElo "2216"]
[PlyCount "151"]
[EventDate "2016.09.29"]
[EventType "swiss"]
[EventRounds "11"]
[EventCountry "RUS"]
[SourceTitle "EXT 2018"]
[Source "ChessBase"]
[SourceDate "2017.10.13"]
[SourceVersion "1"]
[SourceVersionDate "2017.10.13"]
[SourceQuality "1"]

1. d4 Nf6 2. Nf3 e6 3. Bf4 c5 4. e3 b6 5. Nbd2 Bb7 6. Nc4 d5 7. Nce5 Bd6 8. Bb5+ Kf8 9. Ng5 Bxe5 10. dxe5 h6 11. Qf3 a6 12. exf6 Qxf6 13. Nxe6+ fxe6 14. Be2 Nd7 15. 0-0-0 Ke7 16. h4 e5 17. Bg3 Qxf3 18. Bxf3 e4 19. Be2 h5 20. c4 Nf6 21. a3 b5 22. cxb5 axb5 23. Bxb5 Ke6 24. Rd2 Rhc8 25. Kb1 Ra5 26. Be2 c4 27. Rc1 Rb5 28. b4 Rb6 29. f3 g6 30. Ra2 Kf5 31. Be1 exf3 32. gxf3 Re8 33. Bd1 d4 34. e4+ Nxe4 35. fxe4+ Bxe4+ 36. Ka1 c3 37. Rf2+ Ke5 38. Bb3 Ra8 39. Rxc3 dxc3 40. Bxc3+ Kd6 41. Rf6+ Kc7 42. Be5+ Kb7 43. Rf7+ Kc8 44. Kb2 Rc6 45. b5 Rb6 46. a4 Ra5 47. Rc7+ Kd8 48. Rc4 Bc6 49. Bd4 Raxb5 50. axb5 Rxb5 51. Rxc6 g5 52. hxg5 Rxg5 53. Bf6+ Kd7 54. Bxg5 Kxc6 55. Kc3 h4 56. Bxh4 Kc5 57. Bc4 Kd6 58. Kd4 Kc6 59. Be1 Kd6 60. Bb4+ Kc6 61. Bc5 Kd7 62. Bd5 Ke8 63. Be6 Kd8 64. Bd6 Ke8 65. Kd5 Kd8 66. Kc6 Ke8 67. Bd5 Kd8 68. Bf7 Kc8 69. Be7 Kb8 70. Be6 Ka7 71. Bd8 Kb8 72. Bb6 Ka8 73. Bc8 Kb8 74. Ba6 Ka8 75. Bc5 Kb8 76. Kb6 1-0